Southville International School and Colleges
Your cart is empty.
  • Cart
  • Lists
    Public lists list_1 View all
    Your lists Log in to create your own lists
  • Log in to your account
  • Your cookies
  • Search history
Southville International School and Colleges
  • Advanced search
  • Recent comments
  • Most popular
  • Libraries

Log in to your account

Log in with GOOGLE


If you do not have an external account, but do have a local account, you can still log in:

  1. Home
  2. MARC view: Round is a mooncake : a book of shapes
Normal view MARC view ISBD view

Round is a mooncake : a book of shapes (Record no. 366687)

[ view plain ]
MARC details
000 -LEADER
fixed length control field 00653nam a22002057a 4500
003 - CONTROL NUMBER IDENTIFIER
control field 0
005 - DATE AND TIME OF LATEST TRANSACTION
control field 20241112134254.0
008 - FIXED-LENGTH DATA ELEMENTS--GENERAL INFORMATION
fixed length control field 241112b xxu||||| |||| 00| 0 eng d
020 ## - INTERNATIONAL STANDARD BOOK NUMBER
International Standard Book Number 978-0-8118-2676-1
082 ## - DEWEY DECIMAL CLASSIFICATION NUMBER
Classification number ER
Item number R859 2000
100 ## - MAIN ENTRY--PERSONAL NAME
Personal name Thong, Roseanne
245 ## - TITLE STATEMENT
Title Round is a mooncake : a book of shapes
Statement of responsibility, etc Roseanne Thong; illustrated by Grace Lin.
260 ## - PUBLICATION, DISTRIBUTION, ETC. (IMPRINT)
Place of publication, distribution, etc San Francisco, California :
Name of publisher, distributor, etc Chronicle Books LLC,
Date of publication, distribution, etc c2000.
300 ## - PHYSICAL DESCRIPTION
Extent 34 unnumbered pages :
Other physical details col. ill. ;
Dimensions 24 cm.
650 ## - SUBJECT ADDED ENTRY--TOPICAL TERM
Topical term or geographic name as entry element Shape
Form subdivision Fiction
650 ## - SUBJECT ADDED ENTRY--TOPICAL TERM
Topical term or geographic name as entry element Chinese Americans
Form subdivision Fiction
650 ## - SUBJECT ADDED ENTRY--TOPICAL TERM
Topical term or geographic name as entry element Stories in rhyme
700 ## - ADDED ENTRY--PERSONAL NAME
Personal name Lin, Grace,
Relator term illustrator.
942 ## - ADDED ENTRY ELEMENTS (KOHA)
Source of classification or shelving scheme Dewey Decimal Classification
Koha item type Books
Holdings
Withdrawn status Lost status Source of classification or shelving scheme Damaged status Home library Current library Shelving location Date acquired Source of acquisition Total Checkouts Full call number Barcode Date last seen Price effective from Koha item type
    Dewey Decimal Classification   Munich Library Munich Library Easy Reading Section 11/12/2024 Library Fund   ER R859 2000 M8624 11/12/2024 11/12/2024 Books

Round is a mooncake : a book of shapes

APA

Thong R., Lin G., . (2000). Round is a mooncake : a book of shapes. San Francisco, California: Chronicle Books LLC.

Chicago

Thong Roseanne, Lin Grace, . 2000. Round is a mooncake : a book of shapes. San Francisco, California: Chronicle Books LLC.

Harvard

Thong R., Lin G., . (2000). Round is a mooncake : a book of shapes. San Francisco, California: Chronicle Books LLC.

MLA

Thong Roseanne, Lin Grace, . Round is a mooncake : a book of shapes. San Francisco, California: Chronicle Books LLC. 2000.

  • Place hold
  • Print
  • Cite
  • Add to your cart (remove)
  • Save record
    BIBTEX Dublin Core MARCXML MARC (non-Unicode/MARC-8) MARC (Unicode/UTF-8) MARC (Unicode/UTF-8, Standard) MODS (XML) RIS
  • More searches
    Search for this title in:
    Other Libraries (WorldCat) Other Databases (Google Scholar) Online Stores (Bookfinder.com) Open Library (openlibrary.org)

Exporting to Dublin Core...

SOUTHVILLE LIBRARY

Southville International School and Colleges Library

1281 Tropical Ave. Cor. Luxembourg St., BF Homes International, Las Pinas City

Tel. No. 8256374 / 252358 Loc. 117/146

Powered by Koha